000 00247nam a2200097Ia 4500
008 240331s9999 xx 000 0 und d
082 _bLIO
100 _aLionnet, F
245 0 _aPostcolonial representations :
_bwomen, literature, Identity
942 _cL
999 _c3152
_d3152